5 Random Countries - Statistics

General Stats
  • This quiz has been taken 51 times
  • The average score is 3 of 5
Answer Stats
Country % Correct
Algeria
100%
Argentina
100%
Australia
100%
Bolivia
100%
Botswana
100%
Burundi
100%
Cameroon
100%
Cape Verde
100%
Chad
100%
China
100%
Costa Rica
100%
Dem. Rep. of the Congo
100%
Denmark
100%
Dominica
100%
Egypt
100%
El Salvador
100%
Eswatini
100%
Ghana
100%
Guatemala
100%
Guinea
100%
Guyana
100%
Iran
100%
Ireland
100%
Israel
100%
Italy
100%
Lesotho
100%
Liechtenstein
100%
Maldives
100%
Marshall Islands
100%
Mexico
100%
Montenegro
100%
Nicaragua
100%
Norway
100%
Oman
100%
Pakistan
100%
Portugal
100%
Romania
100%
Senegal
100%
Slovenia
100%
South Korea
100%
Sri Lanka
100%
St. Vincent and Grenadines
100%
Suriname
100%
Ukraine
100%
United Arab Emirates
100%
United Kingdom
100%
United States
100%
Zimbabwe
100%
San Marino
67%
Brazil
50%
Gabon
50%
Grenada
50%
Japan
50%
Kiribati
50%
Lithuania
50%
Monaco
50%
Morocco
50%
Netherlands
50%
Paraguay
50%
Poland
50%
Republic of the Congo
50%
Samoa
50%
St. Kitts and Nevis
50%
St. Lucia
50%
Switzerland
50%
Tanzania
50%
Vietnam
50%
Cuba
33%
Honduras
33%
Afghanistan
0%
Albania
0%
Andorra
0%
Angola
0%
Antigua and Barbuda
0%
Armenia
0%
Austria
0%
Azerbaijan
0%
Bahamas
0%
Bahrain
0%
Bangladesh
0%
Barbados
0%
Belarus
0%
Belgium
0%
Belize
0%
Benin
0%
Bhutan
0%
Bosnia and Herzegovina
0%
Brunei
0%
Bulgaria
0%
Burkina Faso
0%
Cambodia
0%
Canada
0%
Central African Republic
0%
Chile
0%
Colombia
0%
Comoros
0%
Croatia
0%
Cyprus
0%
Czech Republic
0%
Djibouti
0%
Dominican Republic
0%
East Timor
0%
Ecuador
0%
Equatorial Guinea
0%
Eritrea
0%
Estonia
0%
Ethiopia
0%
Fed. States of Micronesia
0%
Fiji
0%
Finland
0%
France
0%
Gambia
0%
Georgia
0%
Germany
0%
Greece
0%
Guinea Bissau
0%
Haiti
0%
Hungary
0%
Iceland
0%
India
0%
Indonesia
0%
Iraq
0%
Ivory Coast
0%
Jamaica
0%
Jordan
0%
Kazakhstan
0%
Kenya
0%
Kosovo
0%
Kuwait
0%
Kyrgyzstan
0%
Laos
0%
Latvia
0%
Lebanon
0%
Liberia
0%
Libya
0%
Luxembourg
0%
Madagascar
0%
Malawi
0%
Malaysia
0%
Mali
0%
Malta
0%
Mauritania
0%
Mauritius
0%
Moldova
0%
Mongolia
0%
Mozambique
0%
Myanmar
0%
Namibia
0%
Nauru
0%
Nepal
0%
New Zealand
0%
Niger
0%
Nigeria
0%
North Korea
0%
North Macedonia
0%
Palau
0%
Panama
0%
Papua New Guinea
0%
Peru
0%
Philippines
0%
Qatar
0%
Russia
0%
Rwanda
0%
São Tomé and Príncipe
0%
Saudi Arabia
0%
Serbia
0%
Seychelles
0%
Sierra Leone
0%
Singapore
0%
Slovakia
0%
Solomon Islands
0%
Somalia
0%
South Africa
0%
South Sudan
0%
Spain
0%
Sudan
0%
Sweden
0%
Syria
0%
Taiwan
0%
Tajikistan
0%
Thailand
0%
Togo
0%
Tonga
0%
Trinidad and Tobago
0%
Tunisia
0%
Turkey
0%
Turkmenistan
0%
Tuvalu
0%
Uganda
0%
Uruguay
0%
Uzbekistan
0%
Vanuatu
0%
Vatican City
0%
Venezuela
0%
Yemen
0%
Zambia
0%
No matching quizzes found
Score Distribution
Percent of People with Each Score
Percentile by Number Answered
Your Score History
You have not taken this quiz